| 000 | 00453nam a2200157 i 4500 | ||
|---|---|---|---|
| 001 | 33873 | ||
| 003 | ES-MaACL | ||
| 005 | 20230906154832.0 | ||
| 007 | t| | ||
| 008 | 030203s1920 fr ||||1| fre d | ||
| 100 | 1 |
_aBlaringhem, L. _929340 |
|
| 245 | 1 | 4 |
_aLes transformations brusques des ĂȘtres vivants / _cL. Blaringhem. |
| 260 |
_aParis : _bErnest Flammarion, _c1920 ( _fHemmerlé) |
||
| 300 |
_a353 p. : _bil. ; _c19 cm. |
||
| 852 |
_aES-MaACL _jF-6668 |
||
| 999 |
_c33873 _d33873 |
||